| 000 | 00482nam a2200169Ia 4500 | ||
|---|---|---|---|
| 003 | GCL | ||
| 008 | 140319s9999 xx 000 0 ara d | ||
| 040 |
_aGCL / _cGCL |
||
| 082 | 0 | 4 |
_aد _b050 |
| 100 | 1 | _aمحمد مظهر سعيد | |
| 245 | 1 | 0 |
_aسجين ثورة 1919 (اقرا 316 ) / _cمحمد مظهر سعيد |
| 300 | _a237 | ||
| 490 |
_aاقرأ _v0 |
||
| 650 | 0 | 4 | _aتاريخ |
| 650 | 0 | 4 | _aمصر - تاريخ - العصر الحديث - ثورة 1919 |
| 942 |
_2ddc _cBK |
||
| 999 |
_c48676 _d48676 |
||